[Event "Rated Blitz game"]
[Site "?"]
[Date "2021.06.02"]
[Round "?"]
[White "Klemos"]
[Black "mirekkk14"]
[Result "1-0"]
[WhiteElo "2449"]
[BlackElo "2352"]
[PlyCount "35"]
[EventDate "2021.??.??"]
[EventType "blitz"]

1. e4 e5 2. Nf3 d5 3. exd5 e4 4. Qe2 Nf6 5. Nc3 Qe7 6. Nd4 Qe5 7. Nb3 Bb4 8. f3
Bxc3 9. bxc3 O-O 10. fxe4 Qxe4 11. Qxe4 Nxe4 12. Bd3 Nf6 13. c4 c6 14. d6 Na6
15. Ba3 Rd8 16. O-O Be6 17. c5 b6 18. Bxa6 {Normal} 1-0

[Event "Rated Blitz game"]
[Site "?"]
[Date "2021.06.02"]
[Round "?"]
[White "revoltp"]
[Black "FourNinetySix"]
[Result "1/2-1/2"]
[WhiteElo "2379"]
[BlackElo "2492"]
[PlyCount "98"]
[EventDate "2021.??.??"]
[EventType "blitz"]

1. e4 e5 2. Nf3 d5 3. d4 dxe4 4. Nxe5 Bd6 5. Nc4 Nf6 6. Nxd6+ Qxd6 7. Be2 h5 8.
Bg5 Nc6 9. Bxf6 Qxf6 10. c3 Qg5 11. g3 h4 12. Qd2 e3 13. Qxe3+ Qxe3 14. fxe3
hxg3 15. h4 g2 16. Rg1 Bh3 17. Bf3 Rxh4 18. Bxg2 Bxg2 19. Rxg2 Rh1+ 20. Kf2 Rc1
21. Rxg7 O-O-O 22. Rg1 Rc2+ 23. Kf3 Rxb2 24. Rg2 Rxg2 25. Kxg2 Rg8+ 26. Kf2 Ne7
27. Nd2 Nd5 28. c4 Nb4 29. a3 Nc6 30. Rg1 Rxg1 31. Kxg1 Kd7 32. Kf2 Na5 33. e4
c6 34. Ke3 b5 35. cxb5 cxb5 36. d5 Nb7 37. Kd4 f6 38. e5 fxe5+ 39. Kxe5 a5 40.
Ne4 b4 41. axb4 axb4 42. Kd4 Na5 43. Nd2 b3 44. Nxb3 Nxb3+ 45. Kc3 Nc5 46. Kc4
Kd6 47. Kd4 Nd7 48. Kc4 Nb6+ 49. Kd4 Nxd5 {Normal} 1/2-1/2

[Event "Rated Blitz game"]
[Site "?"]
[Date "2021.06.02"]
[Round "?"]
[White "jure_pl91"]
[Black "Slimslik02"]
[Result "1-0"]
[WhiteElo "2446"]
[BlackElo "2409"]
[PlyCount "57"]
[EventDate "2021.??.??"]
[EventType "blitz"]

1. e4 e5 2. Nf3 d5 3. Nxe5 Bd6 4. d4 dxe4 5. Nc4 Nc6 6. Nc3 f5 7. Be2 Nf6 8. d5
Ne5 9. Nxd6+ cxd6 10. Bf4 Ng6 11. Bg5 O-O 12. Qd4 h6 13. Bxf6 Rxf6 14. O-O-O
Bd7 15. h4 a6 16. g4 Rc8 17. g5 Rf7 18. gxh6 gxh6 19. Rdg1 Kh7 20. Bh5 Rg7 21.
Bxg6+ Rxg6 22. Rxg6 Kxg6 23. Rg1+ Kh5 24. Qd1+ Kxh4 25. Kb1 Rxc3 26. bxc3 Qb6+
27. Ka1 Qxf2 28. Rg6 Qf4 29. Qh1+ {Normal} 1-0

[Event "Rated Blitz game"]
[Site "?"]
[Date "2021.06.02"]
[Round "?"]
[White "BraginA"]
[Black "CristianS27"]
[Result "0-1"]
[WhiteElo "2408"]
[BlackElo "2452"]
[PlyCount "116"]
[EventDate "2021.??.??"]
[EventType "blitz"]

1. e4 e5 2. Nf3 d5 3. exd5 e4 4. Qe2 Nf6 5. d3 Bb4+ 6. c3 O-O 7. dxe4 Bc5 8.
Bg5 Re8 9. Nbd2 c6 10. Qc4 Qxd5 11. Bxf6 gxf6 12. Be2 Qxc4 13. Bxc4 f5 14. e5
Nd7 15. O-O Nxe5 16. Rfe1 Nxf3+ 17. Nxf3 Be6 18. Bb3 a5 19. Ng5 Bxb3 20. axb3
Rxe1+ 21. Rxe1 Rd8 22. Nf3 Kg7 23. Kf1 Kf6 24. Ke2 Re8+ 25. Kf1 Rd8 26. Ke2 f4
27. Nd2 Kf5 28. Nc4 Rg8 29. Kf1 f6 30. Nxa5 f3 31. gxf3 Bd6 32. h3 Rg7 33. Nc4
Bc7 34. Re4 Rd7 35. Ne3+ Kg6 36. Rg4+ Kf7 37. Ke2 h5 38. Rb4 b5 39. Rd4 Re7 40.
Kd3 Bb6 41. Re4 Rd7+ 42. Kc2 Ra7 43. Nf5 Bxf2 44. Nd6+ Kg6 45. Nc8 Ra1 46. Ne7+
Kf7 47. Nxc6 Rh1 48. Re7+ Kf8 49. Re2 Bg3 50. Ne7 h4 51. Ng6+ Kg7 52. Ne7 Rxh3
53. Nf5+ Kg6 54. Ne7+ Kf7 55. Nf5 Rh2 56. Nh6+ Kg6 57. Ng4 Rxe2+ 58. Kd3 Rf2 {
Time forfeit} 0-1

[Event "Rated Blitz game"]
[Site "?"]
[Date "2021.06.02"]
[Round "?"]
[White "bayu-ekawanto"]
[Black "Slimslik02"]
[Result "0-1"]
[WhiteElo "2435"]
[BlackElo "2398"]
[PlyCount "62"]
[EventDate "2021.??.??"]
[EventType "blitz"]

1. e4 e5 2. Nf3 d5 3. Nxe5 Bd6 4. d4 dxe4 5. Nc4 Nc6 6. c3 Be6 7. Be2 Nf6 8.
Bg5 Be7 9. Nbd2 Qd5 10. Bxf6 Bxf6 11. Ne3 Qd7 12. Nxe4 O-O-O 13. Nc5 Qe7 14.
Bb5 Rd6 15. Qa4 Nb8 16. Qxa7 Rb6 17. a4 Bd5 18. O-O Rd8 19. Rfe1 Qd6 20. Bd3
Qc6 21. Nxd5 Rxd5 22. Re8+ Bd8 23. b4 Qxe8 24. Bc4 Rxc5 25. dxc5 Rg6 26. Rd1
Qe4 27. Rxd8+ Kxd8 28. Qxb8+ Kd7 29. Bf1 Qe1 30. Qf8 Rf6 31. b5 Qxf2+ {Normal}
0-1

[Event "Rated Blitz tournament jvD62cnt"]
[Site "?"]
[Date "2021.06.02"]
[Round "?"]
[White "RockysKicks"]
[Black "om_gendut"]
[Result "0-1"]
[WhiteElo "2303"]
[BlackElo "2442"]
[PlyCount "84"]
[EventDate "2021.??.??"]
[EventType "blitz"]

1. e4 e5 2. Nf3 d5 3. d3 dxe4 4. dxe4 Qxd1+ 5. Kxd1 Bg4 6. Bc4 Nc6 7. c3 Nf6 8.
Nbd2 Bc5 9. Ke2 Bh5 10. h3 a6 11. a4 Bg6 12. Bd5 Nxd5 13. exd5 Ne7 14. Nxe5
Nxd5 15. Nxg6 hxg6 16. Re1 O-O-O 17. Kf1 Nf4 18. Ne4 Nd3 19. Nxc5 Nxc5 20. Be3
Nd3 21. Reb1 Rhe8 22. b4 Ne5 23. Rd1 Nc4 24. Bd4 f6 25. b5 a5 26. Rab1 b6 27.
g3 Rd7 28. h4 Rde7 29. Rd3 Kb7 30. Kg2 Rd7 31. Rg1 Nb2 32. Rf3 Nxa4 33. Rh1 Nb2
34. h5 gxh5 35. Rxh5 Nc4 36. Rh7 Ree7 37. Rf5 a4 38. Rh1 a3 39. Ra1 Re2 40. Kf3
Rb2 41. Rf4 a2 42. Bxf6 Nd2+ {Time forfeit} 0-1

[Event "Rated Blitz game"]
[Site "?"]
[Date "2021.06.02"]
[Round "?"]
[White "mostmodest"]
[Black "jsequera"]
[Result "1-0"]
[WhiteElo "2498"]
[BlackElo "2438"]
[PlyCount "57"]
[EventDate "2021.??.??"]
[EventType "blitz"]

1. e4 e5 2. Nf3 d5 3. exd5 e4 4. Qe2 Nf6 5. d3 Qxd5 6. Nbd2 Be7 7. dxe4 Qa5 8.
Qb5+ Qxb5 9. Bxb5+ Nc6 10. Ne5 O-O 11. Nxc6 bxc6 12. Bxc6 Rb8 13. O-O Rd8 14.
f3 Ba6 15. c4 Bc5+ 16. Kh1 Bb4 17. Rf2 Bxc4 18. Ba4 Bc5 19. Nxc4 Bxf2 20. Bf4
Rb4 21. b3 c5 22. g3 Rd3 23. Ne5 Rd6 24. Nc6 Rxa4 25. Bxd6 Ra6 26. Ne7+ Kf8 27.
Nf5+ Ke8 28. Nxg7+ Kd7 29. Be5 {Time forfeit} 1-0

[Event "Rated Blitz game"]
[Site "?"]
[Date "2021.06.02"]
[Round "?"]
[White "picaflor93"]
[Black "Aldebaraan"]
[Result "1-0"]
[WhiteElo "2407"]
[BlackElo "2317"]
[PlyCount "31"]
[EventDate "2021.??.??"]
[EventType "blitz"]

1. e4 e5 2. Nf3 d5 3. Nxe5 Bd6 4. d4 dxe4 5. Nc4 f5 6. Nxd6+ cxd6 7. Qh5+ g6 8.
Qg5 Qxg5 9. Bxg5 Ne7 10. Nc3 h6 11. Bf4 d5 12. Nb5 Na6 13. f3 Be6 14. Nd6+ Kd7
15. Nxb7 Bf7 16. Bxa6 {Normal} 1-0

[Event "Rated Blitz game"]
[Site "?"]
[Date "2021.06.02"]
[Round "?"]
[White "Zeusz"]
[Black "Engvangchess"]
[Result "1-0"]
[WhiteElo "2427"]
[BlackElo "2387"]
[PlyCount "29"]
[EventDate "2021.??.??"]
[EventType "blitz"]

1. e4 e5 2. Nf3 d5 3. d4 dxe4 4. Nxe5 Bd6 5. Bf4 Nf6 6. Bc4 O-O 7. O-O Bf5 8.
h3 Nc6 9. Nc3 Qe8 10. Bb5 Qe6 11. d5 Nxd5 12. Qxd5 Qxd5 13. Nxd5 Nxe5 14. Bxe5
Bxe5 15. Ne7+ {Normal} 1-0

[Event "Rated Blitz game"]
[Site "?"]
[Date "2021.06.02"]
[Round "?"]
[White "Andrey2801"]
[Black "annaly1979"]
[Result "1-0"]
[WhiteElo "2471"]
[BlackElo "2416"]
[PlyCount "65"]
[EventDate "2021.??.??"]
[EventType "blitz"]

1. e4 e5 2. Nf3 d5 3. Nxe5 Qe7 4. d4 f6 5. Nd3 Nc6 6. c3 Bf5 7. Be2 Bxe4 8. O-O
Qf7 9. Bf4 Nge7 10. Bxc7 Nf5 11. Bg3 Nxg3 12. hxg3 Bd6 13. Nd2 O-O 14. Nxe4
dxe4 15. Nc5 Bxc5 16. dxc5 Rad8 17. Qa4 Kh8 18. Rad1 f5 19. Rxd8 Rxd8 20. Rd1
Rxd1+ 21. Qxd1 h6 22. Qd6 Qxa2 23. Qf8+ Kh7 24. Qxf5+ Kh8 25. Qxe4 Qf7 26. b4
a6 27. Bd3 g6 28. Qxg6 Qxg6 29. Bxg6 Kg7 30. Be4 Nd8 31. f4 Kf6 32. g4 Ne6 33.
g3 {Normal} 1-0

[Event "Rated Blitz game"]
[Site "?"]
[Date "2021.06.02"]
[Round "?"]
[White "tuzlukov_daniil"]
[Black "annaly1979"]
[Result "0-1"]
[WhiteElo "2449"]
[BlackElo "2437"]
[PlyCount "74"]
[EventDate "2021.??.??"]
[EventType "blitz"]

1. e4 e5 2. Nf3 d5 3. d4 dxe4 4. Nxe5 Bd6 5. Bf4 Nf6 6. Nc3 O-O 7. Bc4 Nc6 8.
O-O Bf5 9. h3 h6 10. f3 exf3 11. Rxf3 Bh7 12. Nxc6 bxc6 13. Qf1 Bxc2 14. Bxh6
Bg6 15. Bg5 Be7 16. Re1 Qxd4+ 17. Kh1 Qxc4 18. Qxc4 Bd8 19. Qxc6 Rb8 20. b3 Rb6
21. Qc4 Rd6 22. Nb5 Ra6 23. Nxc7 Rxa2 24. Bxf6 Bxf6 25. Re8 Ra1+ 26. Kh2 Rxe8
27. Nxe8 Be5+ 28. g3 Ra2+ 29. Kg1 Rd2 30. Qc8 Kh7 31. h4 Bd4+ 32. Kf1 Be4 33.
Rf4 Bd3+ 34. Ke1 Re2+ 35. Kd1 Be3 36. Rf3 Rd2+ 37. Ke1 Re2+ {Time forfeit} 0-1

[Event "Rated Blitz game"]
[Site "?"]
[Date "2021.06.02"]
[Round "?"]
[White "Ergashev"]
[Black "KamranShirazi"]
[Result "1-0"]
[WhiteElo "2512"]
[BlackElo "2538"]
[PlyCount "111"]
[EventDate "2021.??.??"]
[EventType "blitz"]

1. e4 e5 2. Nf3 d5 3. exd5 e4 4. Qe2 Nf6 5. d3 Bb4+ 6. c3 O-O 7. dxe4 Bc5 8.
Nbd2 Ng4 9. Nd4 f5 10. h3 Nxf2 11. Qxf2 fxe4 12. Qe3 Kh8 13. Nxe4 Qxd5 14. Nxc5
Qxc5 15. Bd2 Nc6 16. Nxc6 Qxc6 17. O-O-O Bf5 18. Qf4 Bg6 19. Qc4 Rxf1 20. Qxc6
Rxd1+ 21. Rxd1 bxc6 22. Bf4 h6 23. Rd7 Re8 24. Kd2 Be4 25. g3 Bf5 26. Rxc7 Bxh3
27. Be3 Re5 28. Bd4 Rg5 29. Rxc6 Rxg3 30. Rxh6+ Kg8 31. Rh4 Bf5 32. Rh2 Rd3+
33. Kc1 a5 34. a4 Bd7 35. b3 Rf3 36. Rg2 Rf7 37. Rg5 Bf5 38. Bxg7 Be6 39. Bd4+
Kf8 40. c4 Rf3 41. Kb2 Bf5 42. Bc3 Rf2+ 43. Ka3 Bb1 44. Bxa5 Ra2+ 45. Kb4 Rb2
46. Re5 Kf7 47. Bb6 Bc2 48. Re3 Rb1 49. a5 Ra1 50. c5 Kf6 51. c6 Bf5 52. Bd4+
Kg5 53. Bxa1 Kf4 54. Bd4 Bc8 55. Kb5 Ba6+ 56. Kxa6 {Normal} 1-0

[Event "Rated Blitz game"]
[Site "?"]
[Date "2021.06.02"]
[Round "?"]
[White "Kcerov"]
[Black "annaly1979"]
[Result "0-1"]
[WhiteElo "2454"]
[BlackElo "2406"]
[PlyCount "50"]
[EventDate "2021.??.??"]
[EventType "blitz"]

1. e4 e5 2. Nf3 d5 3. Nxe5 Qe7 4. d4 f6 5. Qh5+ g6 6. Nxg6 Qxe4+ 7. Be2 Qxg6 8.
Qxd5 Ne7 9. Qb3 Nbc6 10. c3 Bf5 11. Na3 Qxg2 12. Bf3 Qg6 13. Qxb7 Rb8 14. Bxc6+
Nxc6 15. Qxc6+ Kf7 16. Qxc7+ Be7 17. Qc4+ Be6 18. Qe2 Rhe8 19. Be3 Bxa3 20.
bxa3 Bd5 21. Rf1 Qf5 22. c4 Bf3 23. Qd2 Rb1+ 24. Rxb1 Qxb1+ 25. Qc1 Qxc1# {
Normal} 0-1

[Event "Rated Blitz game"]
[Site "?"]
[Date "2021.06.02"]
[Round "?"]
[White "supertrif"]
[Black "RiskyBlitzer"]
[Result "1/2-1/2"]
[WhiteElo "2306"]
[BlackElo "2451"]
[PlyCount "179"]
[EventDate "2021.??.??"]
[EventType "blitz"]

1. e4 e5 2. Nf3 d5 3. exd5 e4 4. Nd4 Qxd5 5. Nb3 Nf6 6. Nc3 Qe5 7. Be2 Bd6 8.
d3 exd3 9. Qxd3 O-O 10. Be3 Nc6 11. O-O-O Bf5 12. Qd2 Bb4 13. Nd4 Ne4 14. Nxc6
bxc6 15. Bd4 Qa5 16. Qe3 Nxc3 17. Bxc3 Bxc3 18. Qxc3 Qxc3 19. bxc3 Be6 20. c4
Rab8 21. Rd4 Rb4 22. Rhd1 c5 23. Rd8 g6 24. Rxf8+ Kxf8 25. Rd8+ Ke7 26. Ra8 Ra4
27. Kb2 Kd6 28. a3 Ke5 29. c3 h5 30. Bd3 Ra6 31. g3 Kd6 32. f4 c6 33. f5 gxf5
34. Rh8 Rb6+ 35. Ka2 Rb7 36. Rxh5 a5 37. a4 Re7 38. Kb3 Rb7+ 39. Kc2 Re7 40. h4
Ke5 41. g4 Kf4 42. gxf5 Bd7 43. f6 Re3 44. Rxc5 Rh3 45. h5 Bg4 46. Rxa5 Bxh5
47. Rf5+ Kg4 48. Re5 Rh2+ 49. Kb3 Kf4 50. Rf5+ Ke3 51. Bc2 Bg4 52. Re5+ Kf4 53.
Re7 Be6 54. Kb4 Rxc2 55. Rxe6 fxe6 56. f7 Rb2+ 57. Kc5 Rb8 58. Kxc6 Kf5 59. a5
Kf6 60. a6 Kxf7 61. a7 Ra8 62. Kb7 Rxa7+ 63. Kxa7 e5 64. c5 e4 65. c6 e3 66. c7
e2 67. c8=Q e1=Q 68. Qb7+ Kf6 69. Qb6+ Kf7 70. c4 Qa1+ 71. Qa6 Qd4+ 72. Qb6
Qa1+ 73. Qa6 Qd4+ 74. Qb6 Qd7+ 75. Qb7 Ke7 76. Qxd7+ Kxd7 77. Kb6 Kc8 78. c5
Kd8 79. c6 Kc8 80. c7 Kd7 81. Kb7 Kd6 82. c8=Q Ke5 83. Qc7+ Ke4 84. Qc6+ Ke3
85. Qc5+ Kd3 86. Qd6+ Ke3 87. Qc6 Kd3 88. Qd6+ Ke3 89. Qe6+ Kd3 90. Qd6+ {
Normal} 1/2-1/2

[Event "Rated Blitz game"]
[Site "?"]
[Date "2021.06.02"]
[Round "?"]
[White "Partisiano"]
[Black "annaly1979"]
[Result "1-0"]
[WhiteElo "2479"]
[BlackElo "2406"]
[PlyCount "31"]
[EventDate "2021.??.??"]
[EventType "blitz"]

1. e4 e5 2. Nf3 d5 3. d4 dxe4 4. Nxe5 Bd6 5. Bc4 Bxe5 6. Qh5 Qe7 7. dxe5 Nc6 8.
Bg5 Qb4+ 9. Nd2 g6 10. Qh4 Nxe5 11. O-O-O Nxc4 12. Nxc4 Be6 13. Qxe4 Qxc4 14.
Qxb7 Rc8 15. Qxc8+ Bxc8 16. Rd8# {Normal} 1-0

[Event "Rated Blitz tournament G28iYjLG"]
[Site "?"]
[Date "2021.06.02"]
[Round "?"]
[White "PeruVirtual"]
[Black "om_gendut"]
[Result "1-0"]
[WhiteElo "2461"]
[BlackElo "2442"]
[PlyCount "67"]
[EventDate "2021.??.??"]
[EventType "blitz"]

1. e4 e5 2. Nf3 d5 3. exd5 e4 4. Qe2 Be7 5. Qxe4 Nf6 6. Qa4+ Nbd7 7. Bb5 O-O 8.
O-O Nb6 9. Qb3 Nbxd5 10. Nc3 c6 11. Bc4 Nb6 12. Re1 a5 13. a4 Nxc4 14. Qxc4 Be6
15. Qe2 Bb4 16. d3 h6 17. Bd2 Re8 18. Ne4 Bxd2 19. Qxd2 Bd5 20. Qf4 Bxe4 21.
dxe4 Qb6 22. e5 Nd5 23. Qd4 Qc7 24. Rad1 Nb4 25. Qc4 Rad8 26. c3 Na6 27. Rxd8
Rxd8 28. e6 fxe6 29. Rxe6 Kh8 30. g3 Qf7 31. Ne5 Qf5 32. Nf7+ Qxf7 33. Rxh6+
Kg8 34. Rh8+ {Normal} 1-0

[Event "Rated Blitz game"]
[Site "?"]
[Date "2021.06.02"]
[Round "?"]
[White "DrBergerBerger"]
[Black "DarthZannah"]
[Result "1/2-1/2"]
[WhiteElo "2618"]
[BlackElo "2561"]
[PlyCount "99"]
[EventDate "2021.??.??"]
[EventType "blitz"]

1. e4 e5 2. Nf3 d5 3. exd5 e4 4. Qe2 Nf6 5. d3 Qxd5 6. Nc3 Bb4 7. Bd2 Bxc3 8.
Bxc3 O-O 9. Ne5 exd3 10. Qxd3 Re8 11. Qxd5 Nxd5 12. O-O-O Nxc3 13. bxc3 Be6 14.
Kb2 a5 15. f4 Na6 16. Bb5 c6 17. Bxa6 Rxa6 18. Rd6 Rb6+ 19. Ka1 Rb5 20. Re1 Kf8
21. Nd3 Bd5 22. Rxe8+ Kxe8 23. a4 Rb6 24. Nc5 Bxg2 25. Rd7 Bd5 26. Rxb7 Rxb7
27. Nxb7 f6 28. Nxa5 g5 29. fxg5 fxg5 30. c4 Be4 31. Kb2 h5 32. Kc3 h4 33. Kd4
Bxc2 34. Nxc6 Bxa4 35. Ne5 Ke7 36. Ke4 Ke6 37. Nf3 Bc6+ 38. Ke3 Kf6 39. Nd4 Bd7
40. c5 Ke5 41. Nf3+ Kf5 42. c6 Bxc6 43. Nd4+ Kg4 44. Nxc6 Kh3 45. Ne5 Kxh2 46.
Kf2 Kh3 47. Kf3 Kh2 48. Kf2 Kh3 49. Kf3 g4+ 50. Nxg4 {Normal} 1/2-1/2

[Event "Rated Blitz game"]
[Site "?"]
[Date "2021.06.02"]
[Round "?"]
[White "DrBergerBerger"]
[Black "DarthZannah"]
[Result "0-1"]
[WhiteElo "2611"]
[BlackElo "2569"]
[PlyCount "30"]
[EventDate "2021.??.??"]
[EventType "blitz"]

1. e4 e5 2. Nf3 d5 3. exd5 e4 4. Qe2 Nf6 5. Nc3 Be7 6. Nxe4 O-O 7. c3 Qxd5 8.
Nxf6+ Bxf6 9. d4 c5 10. Be3 cxd4 11. Nxd4 Nc6 12. Qf3 Qa5 13. Nxc6 Bxc3+ 14.
Kd1 bxc6 15. bxc3 Qxc3 {Normal} 0-1

[Event "Rated Blitz game"]
[Site "?"]
[Date "2021.06.02"]
[Round "?"]
[White "danielcuba"]
[Black "pasha1984"]
[Result "0-1"]
[WhiteElo "2558"]
[BlackElo "2376"]
[PlyCount "128"]
[EventDate "2021.??.??"]
[EventType "blitz"]

1. e4 e5 2. Nf3 d5 3. Nxe5 dxe4 4. Nc4 Nf6 5. Be2 Nc6 6. O-O Bc5 7. Nc3 O-O 8.
d3 Bf5 9. Ne3 Bg6 10. Na4 Bd4 11. dxe4 Nxe4 12. Bf3 Ne5 13. Bxe4 Bxe4 14. c3
Bb6 15. Nxb6 axb6 16. Qh5 Re8 17. Rd1 Qf6 18. Ng4 Nxg4 19. Qxg4 Bc2 20. Bg5
Bxd1 21. Rxd1 Qe6 22. Qxe6 Rxe6 23. a3 h6 24. Be3 Rae8 25. Kf1 b5 26. Ke2 f5
27. g3 g5 28. Kf3 Kf7 29. Rd5 Re5 30. Rd7+ R8e7 31. Rd8 b6 32. h3 R5e6 33. Rh8
Kg6 34. Rg8+ Kf7 35. Rh8 c5 36. Rb8 Rd7 37. h4 g4+ 38. Kf4 Kg6 39. h5+ Kf6 40.
Rf8+ Rf7 41. Rxf7+ Kxf7 42. Kxf5 Rd6 43. Kxg4 Rd1 44. Bxh6 Rb1 45. Be3 Rxb2 46.
Kf5 Rb3 47. g4 Rxc3 48. g5 b4 49. g6+ Kg8 50. h6 Rxe3 51. fxe3 b3 52. g7 b2 53.
Kf6 b1=Q 54. h7+ Kxh7 55. Ke6 Qe4+ 56. Kd6 Kxg7 57. Kc7 Qxe3 58. Kxb6 Qxa3 59.
Kb5 Qd3+ 60. Kxc5 Kf6 61. Kb6 Ke6 62. Kc7 Qc4+ 63. Kb8 Kd6 64. Kb7 Qb4+ {
Time forfeit} 0-1

[Event "Rated Blitz game"]
[Site "?"]
[Date "2021.06.02"]
[Round "?"]
[White "MityshevS"]
[Black "Schachelite"]
[Result "0-1"]
[WhiteElo "2371"]
[BlackElo "2466"]
[PlyCount "96"]
[EventDate "2021.??.??"]
[EventType "blitz"]

1. e4 e5 2. Nf3 d5 3. Nc3 dxe4 4. Nxe4 f5 5. Nc3 Nc6 6. Bb5 Bd6 7. Bxc6+ bxc6
8. d4 e4 9. Ne5 Bxe5 10. dxe5 Qxd1+ 11. Kxd1 Ba6 12. Bf4 O-O-O+ 13. Kc1 Ne7 14.
b3 Ng6 15. g3 Rhe8 16. Na4 Nxe5 17. Nc5 Be2 18. Kb2 Nf7 19. Rhe1 Bf3 20. Na6
Rd7 21. Re3 g5 22. Rxf3 exf3 23. Be3 Rxe3 24. fxe3 Rd2 25. Nc5 Rxh2 26. Re1 Nd6
27. g4 fxg4 28. e4 f2 29. Rf1 g3 30. e5 Nf5 31. e6 Rg2 32. Rd1 Rg1 33. Rd7 f1=Q
34. Rxh7 Qa1+ 35. Ka3 Qe5 36. b4 Rb1 37. Ka4 Nd4 38. e7 Nxc2 39. a3 a5 40. Rf7
Qxe7 41. Rxe7 Kb8 42. bxa5 g2 43. Na6+ Ka7 44. Nxc7 g1=Q 45. Nb5+ Kb8 46. Re8+
Kb7 47. Re7+ Kc8 48. Na7+ Kd8 {Time forfeit} 0-1

[Event "Rated Blitz game"]
[Site "?"]
[Date "2021.06.02"]
[Round "?"]
[White "NormWeinstein"]
[Black "annaly1979"]
[Result "1-0"]
[WhiteElo "2526"]
[BlackElo "2420"]
[PlyCount "61"]
[EventDate "2021.??.??"]
[EventType "blitz"]

1. e4 e5 2. Nf3 d5 3. d4 dxe4 4. Nxe5 Bd6 5. Bf4 Nf6 6. Be2 O-O 7. O-O Bf5 8.
Nc3 Nbd7 9. f3 Re8 10. fxe4 Nxe4 11. Nxe4 Bxe4 12. Nxf7 Kxf7 13. Bc4+ Ke7 14.
Bxd6+ Kxd6 15. Qh5 g5 16. Rae1 Bg6 17. Qg4 c5 18. Qg3+ Kc6 19. d5+ Kb6 20. Qd6+
Ka5 21. c3 Rxe1 22. Rxe1 b5 23. b4+ cxb4 24. cxb4+ Ka4 25. Bb3+ Ka3 26. Qa6+
Kxb4 27. a3+ Kc5 28. Qc6+ Kd4 29. Rd1+ Ke5 30. Qe6+ Kf4 31. Rf1# {Normal} 1-0

[Event "Rated Blitz game"]
[Site "?"]
[Date "2021.06.02"]
[Round "?"]
[White "GropingQ"]
[Black "annaly1979"]
[Result "0-1"]
[WhiteElo "2433"]
[BlackElo "2426"]
[PlyCount "46"]
[EventDate "2021.??.??"]
[EventType "blitz"]

1. e4 e5 2. Nf3 d5 3. Nc3 dxe4 4. Nxe4 f5 5. Ng3 e4 6. Ng1 Bc5 7. d3 Nf6 8. Bg5
O-O 9. dxe4 Qxd1+ 10. Rxd1 Nxe4 11. Nxe4 fxe4 12. Be3 Bxe3 13. fxe3 Be6 14. Ne2
Nc6 15. c3 Rad8 16. Ng3 Rxd1+ 17. Kxd1 Bxa2 18. Bb5 Ne5 19. Ke2 c6 20. Ra1 Be6
21. Ba4 Bg4+ 22. Kd2 Rf2+ 23. Kc1 Nd3+ {Normal} 0-1

[Event "Rated Blitz game"]
[Site "?"]
[Date "2021.06.02"]
[Round "?"]
[White "Ergashev"]
[Black "KamranShirazi"]
[Result "0-1"]
[WhiteElo "2502"]
[BlackElo "2549"]
[PlyCount "62"]
[EventDate "2021.??.??"]
[EventType "blitz"]

1. e4 e5 2. Nf3 d5 3. exd5 e4 4. Qe2 Nf6 5. d3 Bb4+ 6. c3 O-O 7. dxe4 Bc5 8.
Nbd2 Re8 9. Qc4 Nbd7 10. Bd3 b5 11. Qxb5 Rb8 12. Qc4 Ng4 13. O-O Bb6 14. Bc2
Nde5 15. Nxe5 Nxe5 16. Qe2 Qf6 17. h3 Ba6 18. c4 Bd4 19. Bb3 g5 20. Nf3 Nxf3+
21. Qxf3 Bxb2 22. Bxb2 Qxb2 23. Qg3 Rxe4 24. Qxg5+ Kh8 25. Rab1 Qd4 26. Rbd1
Qc3 27. Qf5 Re2 28. Qxf7 Rg8 29. Rc1 Qd4 30. Rce1 Qe4 31. Rxe2 Qxg2# {Normal}
0-1

[Event "Rated Blitz game"]
[Site "?"]
[Date "2021.06.02"]
[Round "?"]
[White "Ckaakk"]
[Black "J0NTANGC0"]
[Result "1-0"]
[WhiteElo "2481"]
[BlackElo "2340"]
[PlyCount "53"]
[EventDate "2021.??.??"]
[EventType "blitz"]

1. e4 e5 2. Nf3 d5 3. Nc3 dxe4 4. Nxe4 f5 5. Ng3 e4 6. Ne5 Qd4 7. Qh5+ g6 8.
Nxg6 hxg6 9. Qxg6+ Ke7 10. d3 Nc6 11. Bg5+ Nf6 12. O-O-O e3 13. fxe3 Qd6 14. e4
f4 15. d4 fxg3 16. e5 Qe6 17. Bxf6+ Kd7 18. d5 Qg8 19. dxc6+ Kxc6 20. Qe4+ Kb6
21. Bc4 Bh6+ 22. Kb1 Qf8 23. Rd3 c6 24. Bxh8 Qxh8 25. Qd4+ Kc7 26. Qd6+ Kb6 27.
Rb3+ {Normal} 1-0

[Event "Rated Rapid tournament uQAtNunP"]
[Site "?"]
[Date "2021.06.02"]
[Round "?"]
[White "SindarovCM"]
[Black "vovaches"]
[Result "1-0"]
[WhiteElo "2539"]
[BlackElo "2423"]
[PlyCount "83"]
[EventDate "2021.??.??"]
[EventType "rapid"]

1. e4 e5 2. Nf3 d5 3. d3 Nc6 4. Nbd2 Nf6 5. g3 Bc5 6. Bg2 O-O 7. O-O a6 8. c3
Re8 9. Qc2 h6 10. b4 Ba7 11. a3 Bg4 12. Bb2 Qd7 13. Rae1 Rad8 14. Nb3 Bh3 15.
c4 dxc4 16. dxc4 Bxg2 17. Kxg2 Bd4 18. Rd1 Qg4 19. Nfxd4 Nxd4 20. Nxd4 exd4 21.
f3 Qe6 22. Bxd4 Rd7 23. Bxf6 Rxd1 24. Rxd1 Qxf6 25. Rd3 Rd8 26. e5 Qe7 27. f4
Rxd3 28. Qxd3 Qe6 29. h3 Qc6+ 30. Kf2 Qh1 31. Qd8+ Kh7 32. Qxc7 Qh2+ 33. Kf3
Qxh3 34. Qxf7 Qh1+ 35. Ke3 Qg1+ 36. Ke4 Qg2+ 37. Kd4 Qf2+ 38. Kd5 Qxg3 39. Qf5+
Kh8 40. e6 Qf3+ 41. Kd6 Qd1+ 42. Qd5 {Normal} 1-0

[Event "Rated Blitz game"]
[Site "?"]
[Date "2021.06.02"]
[Round "?"]
[White "Ricardinho15"]
[Black "GoughPhar"]
[Result "0-1"]
[WhiteElo "2451"]
[BlackElo "2452"]
[PlyCount "82"]
[EventDate "2021.??.??"]
[EventType "blitz"]

1. e4 e5 2. Nf3 d5 3. exd5 e4 4. Qe2 Nf6 5. d3 Qxd5 6. Nc3 Bb4 7. Bd2 Bxc3 8.
Bxc3 O-O 9. dxe4 Nxe4 10. Rd1 Nxc3 11. Rxd5 Nxe2 12. Bxe2 Be6 13. Rd2 Nc6 14.
O-O a5 15. a3 Rad8 16. Rfd1 Bg4 17. Rxd8 Rxd8 18. Rxd8+ Nxd8 19. h3 Bd7 20. Kf1
f6 21. Ke1 Kf7 22. Kd2 Kg6 23. Ke3 Ne6 24. Nd4 Nxd4 25. Kxd4 Bc6 26. Bd3+ Kh6
27. Be4 Bxe4 28. Kxe4 Kg6 29. b4 axb4 30. axb4 c6 31. Kd4 b6 32. c4 Kf7 33. f4
Ke6 34. g4 g6 35. h4 Kd6 36. f5 g5 37. h5 c5+ 38. bxc5+ bxc5+ 39. Kc3 Ke5 40.
Kb3 Kd4 41. Ka4 Kxc4 {Normal} 0-1

[Event "Rated Blitz tournament jvD62cnt"]
[Site "?"]
[Date "2021.06.02"]
[Round "?"]
[White "LANATER2020"]
[Black "om_gendut"]
[Result "0-1"]
[WhiteElo "2466"]
[BlackElo "2449"]
[PlyCount "82"]
[EventDate "2021.??.??"]
[EventType "blitz"]

1. e4 e5 2. Nf3 d5 3. Nxe5 Bd6 4. d4 dxe4 5. Nc4 Be7 6. Ne3 Nf6 7. c4 O-O 8.
Nc3 Nc6 9. a3 Qxd4 10. Qxd4 Nxd4 11. Nb5 Nxb5 12. cxb5 Be6 13. Bd2 Nd5 14. Nxd5
Bxd5 15. O-O-O Rad8 16. Be3 Bb3 17. Rxd8 Rxd8 18. Be2 b6 19. Bd1 Rxd1+ 20. Rxd1
Bxd1 21. Kxd1 Bd6 22. h3 Be5 23. Kc2 f5 24. b4 f4 25. Bc1 Kf7 26. Kb3 Ke6 27.
Kc4 g5 28. a4 h5 29. a5 g4 30. hxg4 hxg4 31. Bd2 Bd6 32. Kd4 Kf5 33. Kd5 g3 34.
fxg3 f3 35. gxf3 exf3 36. Be3 Bxb4 37. a6 Bc5 38. Bxc5 bxc5 39. Kc6 f2 40. Kb7
f1=Q 41. Kxa7 Qxb5 {Normal} 0-1

[Event "Rated Blitz game"]
[Site "?"]
[Date "2021.06.02"]
[Round "?"]
[White "benga77"]
[Black "KamranShirazi"]
[Result "1/2-1/2"]
[WhiteElo "2491"]
[BlackElo "2492"]
[PlyCount "131"]
[EventDate "2021.??.??"]
[EventType "blitz"]

1. e4 e5 2. Nf3 d5 3. d4 dxe4 4. Nxe5 Nd7 5. Qh5 Nxe5 6. Qxe5+ Qe7 7. Qxe7+
Nxe7 8. Nc3 Bf5 9. Bf4 O-O-O 10. O-O-O h5 11. Bc4 Ng6 12. Be3 Rd7 13. Rhe1 Bd6
14. h3 Nf4 15. Bf1 Re8 16. Nb5 g5 17. Nxd6+ Rxd6 18. h4 f6 19. hxg5 fxg5 20. g3
Nh3 21. Bxh3 Bxh3 22. Bxg5 Bg4 23. Rd2 Bf3 24. Bf4 Ra6 25. a3 Rh8 26. Be3 Rg6
27. b4 h4 28. gxh4 Rxh4 29. Kb2 Rg2 30. d5 a6 31. d6 cxd6 32. Rxd6 Kc7 33. Rf6
Rgg4 34. Bb6+ Kd7 35. c4 Rh5 36. c5 Rd5 37. Rf7+ Kc6 38. Rc7+ Kb5 39. Re3 Rd2+
40. Kb3 Bd1+ 41. Kc3 Rxf2 42. Re7 Rf3 43. Kd4 Rxe3 44. Kxe3 Rg3+ 45. Kd2 Rd3+
46. Kc1 Bf3 47. Rxb7 e3 48. Re7 e2 49. c6 Rd1+ 50. Kc2 e1=Q 51. Rxe1 Rxe1 52.
c7 Bb7 53. Ba5 Re4 54. Kb3 Re3+ 55. Kb2 Ka4 56. Kc2 Rxa3 57. Kd2 Rb3 58. Kc2
Rxb4 59. Bxb4 Kxb4 60. Kb2 Kb5 61. Ka3 Bc8 62. Kb3 Kb6 63. Ka3 Kxc7 64. Kb4 Kb6
65. Ka4 Bd7+ 66. Ka3 {Time forfeit} 1/2-1/2